|
|
|
|
| LEADER |
00969nab#a2200361#ar4500 |
| 001 |
000017023 |
| 003 |
SVKKK |
| 005 |
00000000000000.0 |
| 008 |
c xo e sloo |
| FMT |
|
|
|
| 038 |
|
|
|a SVKKK
|
| 040 |
|
|
|a SVKKK
|b slo
|e AACR2
|
| 041 |
0 |
|
|a slo
|
| 044 |
|
|
|a xo
|c SK
|
| 080 |
|
|
|a 82.0
|2 1981
|
| 080 |
|
|
|a 883 (437.6
|2 1981
|
| 100 |
1 |
|
|a Jurčo, Ján
|4 aut
|
| 245 |
1 |
0 |
|a Výber ukrajinských rozprávok
|c Jurčo Ján,
|
| 300 |
|
|
|b Fotogr. 1, obr. 1
|
| 600 |
1 |
4 |
|a Jurčo, Ján,
|d ?,
|x spisovateľ sl.
|
| 650 |
0 |
4 |
|a literatúra ukrajinská
|
| 650 |
0 |
4 |
|a preklady slovenské
|x recenzie
|
| 650 |
0 |
4 |
|a rozprávky ľudové
|
| 773 |
0 |
|
|t Literárny týždenník
|g Roč. 9, č. 45(1996), s. 13
|
| 787 |
0 |
8 |
|i Recenze na:
|a Turianicia, J
|t Ukrajinské ľudové rozprávky
|d Užhorod : Karpaty, 1995
|
| 957 |
|
|
|a Prešov
|
| 958 |
|
|
|a LV
|
| 958 |
|
|
|a PO
|
| 974 |
|
|
|d 980223
|a SAB
|
| 992 |
|
|
|a RBX
|
| BAS |
|
|
|
| 852 |
|
|
|a SVKKK
|b BIB
|
| 998 |
|
|
|a REG
|